Bài giảng sinh lý người và động vật
Bài giảng gồm 14 chương đề cập đến quá trình sinh lý ở người và động vật.
Zapisane w:
| 1. autor: | |
|---|---|
| Format: | Książka |
| Język: | Undetermined |
| Wydane: |
Cần Thơ
Trường Đại học Cần Thơ
2000
|
| Hasła przedmiotowe: | |
| Etykiety: |
Dodaj etykietę
Nie ma etykietki, Dołącz pierwszą etykiete!
|
| Thư viện lưu trữ: | Trung tâm Học liệu Trường Đại học Cần Thơ |
|---|
| LEADER | 00811nam a2200205Ia 4500 | ||
|---|---|---|---|
| 001 | CTU_40246 | ||
| 008 | 210402s9999 xx 000 0 und d | ||
| 082 | |a 590.7 | ||
| 082 | |b Th523 | ||
| 100 | |a Trương, Thị Thủy | ||
| 245 | 0 | |a Bài giảng sinh lý người và động vật | |
| 245 | 0 | |c Trương Thị Thủy (Biên soạn) | |
| 260 | |a Cần Thơ | ||
| 260 | |b Trường Đại học Cần Thơ | ||
| 260 | |c 2000 | ||
| 520 | |a Bài giảng gồm 14 chương đề cập đến quá trình sinh lý ở người và động vật. | ||
| 650 | |a Animal physiology,Animal physiology,Human physiology,Human physiology | ||
| 650 | |x Study and teaching,Study and teaching | ||
| 904 | |i Minh | ||
| 980 | |a Trung tâm Học liệu Trường Đại học Cần Thơ | ||